Observing and analysing natural language: a critical account of sociolinguistic method
Saved in:
| Hovedforfatter: | |
|---|---|
| Format: | Bog |
| Sprog: | engelsk |
| Udgivet: |
Oxford
Basil Blackwell
1987
|
| Udgivelse: | 1a. ed |
| Serier: | Language in Society, 12
|
| Fag: | |
| Tags: |
Tilføj Tag
Ingen Tags, Vær først til at tagge denne postø!
|
MARC
| LEADER | 00000nam a2200000 a 4500 | ||
|---|---|---|---|
| 001 | UCH0277 | ||
| 003 | CL-VaPUC | ||
| 008 | 090227e19870000UK |||||||||||||||||eng|d | ||
| 020 | |a 0631136231 | ||
| 082 | 0 | 4 | |a 306.44 |b MIL |2 21 |
| 100 | |a Milroy, Lesley |e autora |9 534468 | ||
| 245 | 1 | 0 | |a Observing and analysing natural language: a critical account of sociolinguistic method |
| 250 | |a 1a. ed | ||
| 300 | |a 230 p | ||
| 942 | |c BK | ||
| 945 | |d 20090227 00:00:00 |a cmena | ||
| 260 | |a Oxford |b Basil Blackwell |c 1987 | ||
| 650 | 0 | |a Sociolingüística |9 263716 | |
| 650 | 0 | |a Clases sociales |9 256858 | |
| 650 | 0 | |a Lenguaje hablado |9 339599 | |
| 650 | 0 | |a Análisis del discurso |9 256696 | |
| 583 | |a last modification |c 20130104 11:52:01 |k Rodrigo Vera | ||
| 490 | 0 | |a Language in Society, 12 | |
| 999 | |c 332615 |d 332613 | ||
| 952 | |0 0 |1 0 |4 0 |6 306_440000000000000_MIL_1987 |7 0 |8 A |9 420464 |a FDOPOS |b FDOPOS |d 2019-11-22 |i 4516966 |o 306.44 MIL 1987 |p 4516966 |r 2025-01-22 |w 2019-11-22 |y BK |k MLA | ||